[Event "17th Open"]
[Site "Kiel GER"]
[Date "2004.07.24"]
[Round "2"]
[White "Larsen,Tor"]
[Black "Feuerstack,A"]
[Result "0-1"]
[WhiteElo "2019"]
[BlackElo "2249"]

1.Nf3 c5 2.c4 Nf6 3.Nc3 g6 4.e4 Bg7 5.d4 cxd4 6.Nxd4 Nc6 7.Be3 Ng4 8.Qxg4 Nxd4
9.Qd1 Nc6 10.Qd2 d6 11.Be2 Be6 12.Rc1 Qa5 13.O-O Rc8 14.f4 f5 15.exf5 Bxf5
16.Bf3 O-O 17.a3 Be6 18.b4 Qxa3 19.Nd5 Bxd5 20.Bxd5+ Kh8 21.b5 Na5 22.Bd4 e5
23.Ra1 Nb3 24.Qd3 Qb4 25.Rab1 exd4 26.Rxb3 Qc5 27.Bxb7 Rce8 28.Be4 Re7 29.Rbb1 Rfe8
30.Rbe1 Qb4 31.Qh3 Qc3 32.Qh4 d3 33.Bxg6 Bd4+  0-1

[Event "12th GM"]
[Site "Lippstadt GER"]
[Date "2004.07.25"]
[Round "2"]
[White "Buhmann,R"]
[Black "Greenfeld,A"]
[Result "1/2-1/2"]
[WhiteElo "2532"]
[BlackElo "2555"]

1.Nf3 Nf6 2.c4 c5 3.Nc3 e6 4.g3 Nc6 5.Bg2 d5 6.cxd5 Nxd5 7.d4 Be7 8.O-O O-O
9.e4 Nb6 10.dxc5 Qxd1 11.Rxd1 Bxc5 12.Bf4 f6 13.Rac1 e5 14.Nb5 exf4 15.Rxc5 fxg3
16.hxg3 Bg4 17.Rd2 Rad8 18.Nd6 Bxf3 19.Bxf3 Rf7 20.Bg4 Re7 21.f4 Kf8 22.Kf2 g6
23.Bh3 Nb4 24.a3 Na6 25.Rcc2 Na4 26.b4 Rc7 27.Rxc7 Nxc7 28.Rc2 Rxd6 29.Rxc7 Rd3
30.Rxb7 Nc3 31.Bg2 Rd2+ 32.Kg1 Ne2+ 33.Kh2 Nd4 34.Rxh7 Nf3+ 35.Kh3 Ng1+ 36.Kg4 Rxg2
37.Rxa7 Rb2 38.f5 gxf5+ 39.Kxf5 Rf2+ 40.Ke6 Ne2 41.Rf7+ Ke8 42.Rxf6 Rxf6+
43.Kxf6 Nxg3 44.Ke5 Ne2 45.a4 Kd7 46.a5 Kc6 47.Kf5 Nd4+ 48.Kf6 Nc2 49.a6 Nxb4
50.e5  1/2-1/2

[Event "Politiken Cup"]
[Site "Copenhagen DEN"]
[Date "2004.07.26"]
[Round "4"]
[White "Rohrmueller,U"]
[Black "Lindberg,Be"]
[Result "0-1"]
[WhiteElo "2260"]
[BlackElo "2422"]

1.Nf3 Nf6 2.c4 c5 3.Nc3 e6 4.g3 b6 5.Bg2 Bb7 6.O-O Be7 7.d4 cxd4 8.Qxd4 d6
9.Bg5 a6 10.Bxf6 Bxf6 11.Qd3 Qc7 12.Rad1 Be7 13.Nd4 Bxg2 14.Kxg2 Nc6 15.f4 O-O
16.Nxc6 Qxc6+ 17.Rf3 Rfc8 18.f5 Qxc4 19.fxe6 fxe6 20.Qe3 Re8 21.b3 Qc8 22.Rc1 Bd8
23.Rcf1 Qc6 24.Ne4 Be7 25.Qf4 Rf8 26.Qg4 Qd7 27.Rxf8+ Rxf8 28.Rxf8+ Kxf8
29.Ng5 Bxg5 30.Qxg5 e5 31.Qe3 Qc6+ 32.Kh3 h6 33.Qd3 Qd7+ 34.Kg2 a5 35.Qd5 g6
36.e4 Kg7 37.Kg1 h5 38.h4 b5 39.Kh2 a4 40.bxa4 bxa4 41.a3 Kf8 42.Qa8+ Ke7
43.Qd5 Qc8 44.Qd3 Qc6 45.Qe3 Qc2+ 46.Kh3 Ke6 47.Qf3 Qb1 48.Kh2 Qb3 49.Qf8 Kd7
50.Qa8 Kc7 51.Qa7+ Kc6 52.Qa6+ Kc5 53.Qa7+ Kc4 54.Qc7+ Kd4 55.Qxd6+ Kxe4
56.Qc6+ Ke3 57.Qc5+ Kf3 58.Qf8+ Ke2 59.Kg2 Qd5+ 60.Kh2 e4 61.Qc8 e3 62.Qc1 Qd2  0-1

[Event "Politiken Cup"]
[Site "Copenhagen DEN"]
[Date "2004.08.01"]
[Round "10"]
[White "Rohrmueller,U"]
[Black "Bindzus,N"]
[Result "1/2-1/2"]
[WhiteElo "2260"]
[BlackElo "2011"]

1.Nf3 c5 2.c4 Nf6 3.Nc3 d5 4.cxd5 Nxd5 5.d4 Nxc3 6.bxc3 g6 7.Bf4 Bg7 8.e3 Qa5
9.Qd2 Nd7 10.Be2 Nf6 11.Rc1 b5 12.O-O O-O 13.dxc5 Ne4 14.Qd5 Nxc3 15.Rxc3 Be6
16.Qb7 Qxc3 17.Qxe7 Rfe8 18.Qb7 Qxc5 19.Bxb5 Bd5 20.Qa6 Re6 21.Qa4 Bc6 22.Bxc6 Qxc6
23.Qb3 Qb6 24.Qc4 Rc6 25.Qe4 Rac8 26.h4 Rc1 27.Rxc1 Rxc1+ 28.Kh2 Qc6 29.Qe7 Qf6
30.Qxa7 Rc2 31.Kg3 h5  1/2-1/2

[Event "FSGM August"]
[Site "Budapest HUN"]
[Date "2004.08.08"]
[Round "2"]
[White "Paschall,W"]
[Black "Berczes,D"]
[Result "1/2-1/2"]
[WhiteElo "2389"]
[BlackElo "2351"]

1.Nf3 Nf6 2.c4 e6 3.Nc3 c5 4.g3 b6 5.Bg2 Bb7 6.O-O Be7 7.Re1 Nc6 8.e4 d6
9.d4 cxd4 10.Nxd4 Rc8 11.Nxc6 Bxc6 12.Qe2 O-O 13.Bf4 Nd7 14.Rad1 Qc7 15.Nd5 exd5
16.exd5 Ba4 17.b3 Bf6 18.Bh3 Rcd8 19.bxa4 Nc5 20.Qc2 Rfe8 21.Qb1 a6 22.Bf5 g6
23.Bc2 Bc3 24.Re3 Rxe3 25.Bxe3 Re8 26.Qc1 Bf6 27.Qd2 Nd7 28.Qb4 a5 29.Qb5 Rxe3
30.fxe3 Qc5 31.Qxc5 Nxc5 32.Rf1 Kg7 33.Kg2 Bd8 34.g4 h6 35.Kg3 g5 36.e4 Nd7
37.h3 Bf6 38.Kf2 Bd4+ 39.Ke2 Ne5 40.c5 Bxc5 41.Bd3 f6 42.Ba6 Kg6 43.Bc8 Kg7
44.h4 Bd4 45.Rh1 Bc5 46.Bf5 Bd4 47.hxg5 fxg5 48.Be6 Kg6 49.Rf1 Kg7 50.Kd2 Bc5
51.Kc3 Bb4+ 52.Kb3 Bc5 53.a3 Bd4 54.Rf5 Ba1 55.Rf1 Bd4 56.Kc2 Bc5 57.Rb1 Kg6
58.Rb3 Kf6 59.Rc3 Kg6 60.Kb3 Kf6 61.Rc2 Kg6 62.Bc8 Kf6 63.Rg2 Kg6 64.Ba6 Kf6
65.Bb5 Kf7 66.Rg3 Kf8 67.Rg2 Kg7 68.Rg3 Kf8 69.Kc2 Kf7 70.Kd2 Kf8 71.Ke2 Kf7
72.Kf1 Kf8 73.Kg2 Kf7 74.Kh3 Kf8 75.Rc3 Kf7 76.Kg3 Ke7 77.Rc1 Kf7 78.Rh1 Kg7
79.Be8 Kh7 80.Rb1 Kg7 81.Bh5 Kg8 82.Rb3 Kg7 83.Kg2 Kf6 84.Kf1 Kg7 85.Ke2 Kf6
86.Rb1 Ke7 87.Rc1 Kf6 88.Kd2 Ke7 89.Rc3 Kf6 90.Kc2 Ke7 91.Kb3 Kf6 92.Rc1 Ke7
93.Rf1 Bd4 94.Rf5 Ba1 95.Rf1 Bd4 96.Rb1 Kf6 97.Kc2 Ke7 98.Rh1 Kf6 99.Rh3 Kg7
100.Kb3 Kf6 101.Be8 Kg7 102.Rg3 Kf8 103.Bc6 Kg7 104.Bb7 Kg6 105.Bc8 Kg7 106.Rh3 Kg6
107.Bf5+ Kg7 108.Rh1 Bc5 109.Rf1 Kf7 110.Kc3 Kf6 111.Be6+ Kg7  1/2-1/2

[Event "15th ch-NATO"]
[Site "The Hague NED"]
[Date "2004.08.11"]
[Round "4"]
[White "Hole,O"]
[Black "Zengin,S"]
[Result "1-0"]
[WhiteElo "2332"]
[BlackElo "2085"]

1.Nf3 c5 2.c4 Nf6 3.Nc3 g6 4.e4 d6 5.d4 cxd4 6.Nxd4 Nc6 7.Be2 Bg7 8.Be3 O-O
9.O-O a6 10.Qd2 Bd7 11.f3 Nxd4 12.Bxd4 Qa5 13.Rfd1 Kh8 14.c5 e5 15.Be3 dxc5
16.Nd5 Qxd2 17.Rxd2 Nxd5 18.Rxd5 Bc6 19.Rxc5 f5 20.Bd3 Rad8 21.Rc3 Rd7 22.Bxa6 fxe4
23.fxe4 Bxe4 24.Bb5 Rdf7 25.Re1 Bf5 26.b3 Bf6 27.a4 Bh4 28.Rec1 Rd8 29.b4 Be7
30.Rc7 Be4 31.Bc4 Bd5 32.Rd1 Bxc4 33.Rxd8+ Bxd8 34.Rxc4 Rc7 35.Rxc7 Bxc7
36.Kf2 Kg7 37.Kf3 Kf6 38.Ke4 Ke6 39.Bd2 h5 40.a5 Kd6 41.b5 Kc5 42.a6 bxa6
43.bxa6 Kb6 44.Ba5+  1-0

[Event "US Open"]
[Site "Fort Lauderdale USA"]
[Date "2004.08.12"]
[Round "6"]
[White "Zlotnikov,M"]
[Black "Gurevich,D"]
[Result "0-1"]
[WhiteElo "2336"]
[BlackElo "2504"]

1.c4 c5 2.Nf3 Nf6 3.Nc3 b6 4.d4 cxd4 5.Nxd4 Bb7 6.f3 d6 7.e4 e6 8.Be2 Be7
9.O-O O-O 10.Be3 a6 11.Qd2 Qc7 12.Rac1 Nbd7 13.Rfd1 Rac8 14.Bf1 Qb8 15.Qf2 Bd8
16.Kh1 Re8 17.b3 Bc7 18.Nde2 Ba8 19.a4 Ne5 20.h3 Ned7 21.Rb1 Bb7 22.Rb2 Ba8
23.Rbb1 Kh8 24.Rb2 h6 25.Bf4 Ne5 26.Rbd2 Rg8 27.Bh2 Rcd8 28.f4 Ned7 29.f5 Nc5
30.fxe6 Ncxe4 31.Nxe4 Nxe4 32.Qxf7 Nxd2 33.Nf4 Rdf8 34.Ng6+ Kh7 35.Bd3 Be4
36.Nxf8+ Rxf8 37.Rxd2 Bxd3 38.Rxd3 Rxf7 39.exf7 Qf8 40.Rf3 a5 41.Rf1 g5 42.Rf3 Kg7
43.Bg1 Bd8 44.Bd4+ Kg6 45.Rf1 h5 46.h4 g4 47.g3 Be7 48.Kh2 Qd8 49.Be3 Bf8
50.Bd4 d5 51.Rf4 dxc4 52.bxc4 Bh6  0-1

[Event "14th Open"]
[Site "Abu Dhabi UAE"]
[Date "2004.08.14"]
[Round "1"]
[White "Bistric,F"]
[Black "Tayeb,S"]
[Result "1-0"]
[WhiteElo "2488"]
[BlackElo "2240"]

1.c4 c5 2.Nf3 Nf6 3.Nc3 e6 4.e4 Nc6 5.Be2 Be7 6.O-O O-O 7.d4 cxd4 8.Nxd4 Qc7
9.Be3 a6 10.Rc1 Re8 11.Qd2 d6 12.Rfd1 Bd7 13.f3 Rad8 14.Nd5 exd5 15.cxd5 Qb8
16.dxc6 bxc6 17.Rxc6 d5 18.e5 Bb4 19.Qc1 Qxe5 20.Bf4 Qxd4+ 21.Rxd4 Rxe2 22.Rxb4 Bxc6
23.Qxc6  1-0

[Event "ch-ESP Abierto"]
[Site "Seville ESP"]
[Date "2004.08.16"]
[Round "4"]
[White "Ibanez Aullana,J"]
[Black "Alcazar Jimenez,V"]
[Result "0-1"]
[WhiteElo "2288"]
[BlackElo "2412"]

1.Nf3 c5 2.c4 Nf6 3.Nc3 e6 4.e3 b6 5.Be2 Bb7 6.O-O Be7 7.d4 cxd4 8.Nxd4 a6
9.b3 Qc7 10.Bb2 O-O 11.Bf3 d6 12.Bxb7 Qxb7 13.Qe2 Nbd7 14.Rfd1 Nc5 15.f3 Rfd8
16.Rd2 Ne8 17.Rc1 Nc7 18.b4 Nd7 19.a3 Rac8 20.b5 Bf8 21.Ne4 axb5 22.cxb5 d5
23.Ng3 Ra8 24.Rdc2 Rdc8 25.f4 Ne8 26.Rxc8 Rxc8 27.Rxc8 Qxc8 28.Nc6 Qa8 29.f5 Bxa3
30.fxe6 fxe6 31.Qg4 Nf8 32.Bd4 Bc5 33.h3 Qb7 34.Nh5 Qf7 35.Nd8 Qe7 36.Nc6 Qc7
37.Kh1 Qf7 38.Kg1 Bxd4 39.Nxd4 Nd6 40.Qf4 Nc4 41.Ng3 e5 42.Qxf7+ Kxf7 43.Nc6 Ne6
44.e4 d4 45.Nf5 Nc5 46.Ng3 Na4 47.Kf2 Nc3 48.Na7 d3 49.Nf1 Nxe4+ 50.Kf3 d2
51.Nxd2 Ncxd2+  0-1

[Event "54th ch-HUN"]
[Site "Budapest HUN"]
[Date "2004.08.21"]
[Round "3"]
[White "Flumbort,A"]
[Black "Ruck,R"]
[Result "1/2-1/2"]
[WhiteElo "2493"]
[BlackElo "2575"]

1.Nf3 c5 2.c4 Nf6 3.Nc3 d5 4.cxd5 Nxd5 5.e4 Nb4 6.Bb5+ N8c6 7.d4 cxd4 8.a3 dxc3
9.Qxd8+ Kxd8 10.axb4 cxb2 11.Bxb2 e6 12.O-O Bd7 13.Bxc6 Bxc6 14.Ne5 Ke8 15.Nxc6 bxc6
16.Rfc1 Bxb4 17.Bxg7 Rg8 18.Bc3 c5 19.Bxb4 cxb4 20.Rc4 Rb8 21.Rxa7 b3 22.Rcc7 b2
23.Re7+  1/2-1/2

[Event "Paks Cup GM"]
[Site "Paks HUN"]
[Date "2004.08.21"]
[Round "1"]
[White "Anka,E"]
[Black "Toth,An1"]
[Result "1/2-1/2"]
[WhiteElo "2407"]
[BlackElo "2429"]

1.Nf3 c5 2.c4 Nf6 3.Nc3 e6 4.g3 b6 5.Bg2 Bb7 6.O-O Be7 7.Re1 Ne4 8.Nxe4 Bxe4
9.d3 Bb7 10.e4 d6 11.d4 cxd4 12.Nxd4 a6 13.b3 Qc7 14.Bb2 Bf6 15.Qd2 Nd7 16.Rad1 O-O
17.Ne2 Rfd8 18.Bxf6 Nxf6 19.Nd4  1/2-1/2

[Event "Open"]
[Site "Vladimir RUS"]
[Date "2004.08.21"]
[Round "4"]
[White "Gubajdullin,A"]
[Black "Kruchev,B"]
[Result "1-0"]
[WhiteElo "2442"]
[BlackElo "2289"]

1.Nf3 Nf6 2.c4 c5 3.Nc3 d5 4.cxd5 Nxd5 5.d4 e6 6.e3 Be7 7.Bd3 Nc6 8.O-O cxd4
9.exd4 O-O 10.a3 Nxc3 11.bxc3 b6 12.Qc2 g6 13.Bh6 Re8 14.Rfd1 Bd7 15.h4 Bxh4
16.Nxh4 Qxh4 17.Qd2 f6 18.Bf4 Ne7 19.Bg3 Qh5 20.c4 Nf5 21.Be2 Qh6 22.Bf4 g5
23.Bh2 Ba4 24.Re1 Rad8 25.Qb4 Bc6 26.d5 exd5 27.Bg4 Qg6 28.Bc7 Rc8 29.cxd5 Bxd5
30.Qb5 Rxe1+ 31.Rxe1 Qf7 32.Bxb6 axb6 33.Bxf5 Rb8 34.a4 Rb7 35.Qd3 h6 36.Bg6 Qd7
37.Be8 Qd6 38.Bh5 f5 39.Rd1 Ra7 40.Qxf5 Ra5 41.Bf3 Bxf3 42.Qc8+  1-0

[Event "Knjaz Milos Jezero Open"]
[Site "Belgrade SCG"]
[Date "2004.08.22"]
[Round "6"]
[White "Jelic,G"]
[Black "Petkovic,N"]
[Result "1-0"]
[WhiteElo "2232"]
[BlackElo "2049"]

1.c4 Nf6 2.Nc3 c5 3.Nf3 d5 4.cxd5 Nxd5 5.e4 Nc7 6.d4 cxd4 7.Qxd4 Qxd4 8.Nxd4 e5
9.Ndb5 Ne6 10.Nd5 Na6 11.Be3 Bb4+ 12.Nbc3 Bxc3+ 13.Nxc3 Nac7 14.O-O-O O-O
15.Bc4 b6 16.b4 Bb7 17.Kb2 Rfd8 18.Nd5 Nxd5 19.exd5 Nf8 20.Rd2 Rd6 21.f4 f6
22.fxe5 fxe5 23.Bg5 Ng6 24.h4 h6 25.h5 hxg5 26.hxg6 Rf8 27.Re1 Rff6 28.Rxe5 Bc8
29.Rxg5 Bf5 30.Re2 Bxg6 31.Re7 Rf7 32.Re6 Rf6 33.Re7 Rf7 34.Rge5 Rxe7 35.Rxe7 Kf8
36.Rxa7 Be4 37.Rb7 Bxg2 38.Kc3 Bxd5 39.Bxd5 Rxd5 40.Rxb6 g5 41.Re6 Kf7 42.Re2 g4
43.Rg2 Rg5 44.Kd4 Kf6 45.a4 g3 46.a5 Ke6 47.a6 Kd6 48.a7 Rg4+ 49.Kc3 Rg8
50.Kc4 Ra8 51.Rxg3 Rxa7 52.Rg6+ Ke5 53.Rc6 Ra1 54.Kc5 Rc1+ 55.Kb6 Rb1 56.b5 Kd5
57.Rc2 Kd6 58.Rd2+ Ke7 59.Kc6 Rc1+ 60.Kb7 Rb1 61.b6 Rb4 62.Kc7 Rc4+ 63.Kb8 Rb4
64.b7 Rb3  1-0

[Event "Paks Cup GM"]
[Site "Paks HUN"]
[Date "2004.08.22"]
[Round "2"]
[White "Paschall,W"]
[Black "Anka,E"]
[Result "0-1"]
[WhiteElo "2389"]
[BlackElo "2407"]

1.Nf3 Nf6 2.c4 c5 3.Nc3 e6 4.g3 b6 5.Bg2 Bb7 6.O-O Be7 7.Re1 Ne4 8.Nxe4 Bxe4
9.d3 Bb7 10.e4 d6 11.d4 cxd4 12.Nxd4 a6 13.b3 Qc7 14.Bb2 Bf6 15.Qd2 Nd7 16.f4 O-O
17.Kh1 Rfe8 18.Re3 Rad8 19.Rae1 g6 20.Ne2 Bxb2 21.Qxb2 b5 22.cxb5 axb5 23.a3 e5
24.Nc3 Qb6 25.b4 exf4 26.gxf4 d5 27.R3e2 d4 28.Nd5 Bxd5 29.exd5 Rxe2 30.Qxe2 Nf6
31.f5 Nxd5 32.Bxd5 Rxd5 33.Qe8+ Kg7 34.fxg6 hxg6 35.Rf1 Qb7 36.Qe4 d3 37.Rd1 Qd7
38.Rd2 Qd6 39.Qf3 Rd4 40.Kg2 Qc7 41.Rf2 Qe7  0-1

[Event "VII Banc Post & Ciuc Premium B"]
[Site "Miercurea Ciuc ROM"]
[Date "2004.08.23"]
[Round "4"]
[White "Glodeanu,I"]
[Black "Kelemen,F"]
[Result "1-0"]
[WhiteElo "2276"]
[BlackElo "2048"]

1.Nf3 Nf6 2.c4 c5 3.Nc3 e6 4.e3 d5 5.d4 cxd4 6.exd4 Bb4 7.Bd3 Nc6 8.O-O O-O
9.Bg5 Ne7 10.Ne5 dxc4 11.Bxc4 Bxc3 12.bxc3 Ne4 13.Bxe7 Qxe7 14.Re1 Nd6 15.Bd3 b5
16.a4 bxa4 17.c4 f6 18.Nf3 Bd7 19.c5 Nb5 20.Qc2 Rfc8 21.Bxh7+ Kf8 22.Be4 Bc6
23.Bxc6 Rxc6 24.Qh7 Rd8 25.Rxa4 Rd5 26.Rb1 Qb7 27.Qh8+ Kf7 28.Rxb5 Qxb5 29.Rxa7+ Kg6
30.Rxg7+ Kf5 31.Qh7+ Kf4 32.Qh4+ Kf5 33.Qg4+  1-0

[Event "Knjaz Milos Jezero Open"]
[Site "Belgrade SCG"]
[Date "2004.08.24"]
[Round "8"]
[White "Jelic,G"]
[Black "Lapcevic,M"]
[Result "0-1"]
[WhiteElo "2232"]
[BlackElo "2205"]

1.Nf3 Nf6 2.c4 c5 3.Nc3 b6 4.e4 d6 5.d4 cxd4 6.Nxd4 Bb7 7.Qe2 e6 8.g4 h6
9.Bg2 a6 10.h4 Nc6 11.Nc2 Be7 12.Bf4 Nd7 13.Bg3 Qc7 14.Ne3 Rg8 15.Rd1 g5
16.f4 gxf4 17.Bxf4 Bf8 18.g5 hxg5 19.Bxg5 Nce5 20.Rc1 Rc8 21.b3 Qc5 22.O-O Be7
23.Bxe7 Kxe7 24.Nd5+ exd5 25.cxd5 Qxc1 26.Rxc1 Rxc1+ 27.Kh2 Nf6 28.Bh3 Re1
29.Nf5+ Kf8  0-1

[Event "Rapid"]
[Site "Sao Paulo BRA"]
[Date "2004.08.24"]
[Round "9"]
[White "Karpov,Ana"]
[Black "Milos,G"]
[Result "1/2-1/2"]
[WhiteElo "2682"]
[BlackElo "2601"]

1.Nf3 c5 2.c4 Nf6 3.Nc3 e6 4.g3 b6 5.Bg2 Bb7 6.O-O Be7 7.Re1 d5 8.cxd5 Nxd5
9.e4 Nb4 10.d4 cxd4 11.Nxd4 N8c6 12.Be3 Nxd4 13.Bxd4 O-O 14.Re2 Nc6 15.Be3 Qxd1+
16.Rxd1 Rfd8 17.Red2 Ne5 18.Rxd8+ Rxd8 19.Rxd8+ Bxd8 20.Nb5 Nc4 21.Nxa7 Nxb2
22.e5 Bxg2 23.Kxg2 Nc4 24.Bd4 Kf8 25.f4 Ke8 26.Kf3 Kd7 27.Ke2 Na5 28.Bf2 Nc6
29.Nb5 Nb4 30.a3 Nd5 31.Kd3 h5 32.a4 h4 33.Ke4 f5+ 34.exf6 Nxf6+ 35.Kf3 hxg3
36.hxg3 Kc6 37.Nc3 Nd5 38.Ne2 Bf6 39.g4 g5 40.fxg5 Bxg5 41.Nd4+ Kd7 42.Nb5 e5
43.Be1 Kc6 44.Nc3 Nxc3 45.Bxc3 Kd5 46.Ke2 Kc4 47.a5  1/2-1/2

[Event "23rd NAO-OCF"]
[Site "Oklahoma USA"]
[Date "2004.09.06"]
[Round "7"]
[White "Gossell,T"]
[Black "Goletiani,R"]
[Result "1/2-1/2"]
[WhiteElo "2109"]
[BlackElo "2334"]

1.c4 c5 2.Nf3 Nf6 3.Nc3 e6 4.d4 cxd4 5.Nxd4 a6 6.e4 Bb4 7.Bd3 Nc6 8.Nxc6 dxc6
9.e5 Qd4 10.exf6 Bxc3+ 11.bxc3 Qxc3+ 12.Qd2 Qxa1 13.O-O Qxf6 14.Bb2 Qd8 15.Bxg7 Rg8
16.Bh6 Qd4 17.Be3 Qg7 18.Be4 f5 19.Bf3 Bd7 20.Bh5+ Kd8 21.Bb6+ Kc8 22.Bf3 Qe7
23.Rd1 e5 24.c5 a5 25.a4 Rg7 26.g3 f4 27.Be4 Ra6 28.Qb2 h5 29.Bd3 Rxb6 30.Qxb6 Bg4
31.Rb1 Kb8 32.Qxc6 Qd7 33.Qe4 Qd4 34.c6 fxg3 35.hxg3 h4 36.cxb7 hxg3 37.Qxd4 exd4
38.Be4 gxf2+ 39.Kxf2 Rf7+ 40.Kg3 Bf5 41.Rf1 Rg7+ 42.Kf4 Bxe4 43.Kxe4 Rg4+
44.Rf4 Rxf4+ 45.Kxf4 Kxb7 46.Ke4 Kc6 47.Kxd4  1/2-1/2

[Event "TCh-CRO"]
[Site "Rabac CRO"]
[Date "2004.09.06"]
[Round "2"]
[White "Kurajica,B"]
[Black "Rogulj,B"]
[Result "1-0"]
[WhiteElo "2540"]
[BlackElo "2387"]

1.Nf3 Nf6 2.c4 c5 3.Nc3 d5 4.cxd5 Nxd5 5.d4 g6 6.dxc5 Nxc3 7.Qxd8+ Kxd8 8.bxc3 Bg7
9.Nd4 Bd7 10.Rb1 Bc6 11.f3 Nd7 12.e4 Nxc5 13.Nxc6+ bxc6 14.Be3 Ne6 15.Ba6 Bxc3+
16.Kf2 Bd4 17.Rhd1 c5 18.Rb7 Ke8 19.Bc4 a5 20.a4 g5 21.Rdb1 h5 22.Bd5 Nf4
23.Bxd4  1-0

[Event "zt2.3.c2"]
[Site "San Jose CRC"]
[Date "2004.09.06"]
[Round "3"]
[White "Valdes,Le"]
[Black "Granados,C"]
[Result "1-0"]
[WhiteElo "2370"]
[BlackElo "2241"]

1.Nf3 Nf6 2.c4 c5 3.Nc3 e6 4.g3 b6 5.Bg2 Bb7 6.O-O Be7 7.Re1 d6 8.e4 a6 9.d4 cxd4
10.Nxd4 Qc7 11.Be3 Nbd7 12.Rc1 O-O 13.f4 Rfe8 14.f5 exf5 15.Nd5 Qb8 16.Nxe7+ Rxe7
17.Nxf5 Re6 18.Bd4 Qc7 19.g4 Ne5 20.g5 Nfd7 21.Rc3 Nf8 22.h4 Bc6 23.h5 Qd8
24.Rg3 Ra7 25.Qb3 Rb7 26.Rd1 Qb8 27.Qc3 Qc7 28.Rc1 Re8 29.Rd1 Re6 30.Bf2 Rb8
31.Rgd3 Rd8 32.Bg3 Rd7 33.R3d2 Qd8 34.Bf4 Ba8 35.b3 Qc7 36.Qb2 Bc6 37.Qa3 g6
38.Nxd6 Qd8 39.h6 Qe7 40.c5 b5 41.Qxa6 Ra7 42.Qb6 Rc7 43.Qa5 Ra7 44.Qc3 Nfd7
45.Nc8  1-0

[Event "1st Kalamaria Open"]
[Site "Thessaloniki GRE"]
[Date "2004.09.07"]
[Round "5"]
[White "Belov,Vl"]
[Black "Kasparov,S"]
[Result "1-0"]
[WhiteElo "2532"]
[BlackElo "2484"]

1.Nf3 Nf6 2.c4 c5 3.Nc3 e6 4.g3 b6 5.Bg2 Bb7 6.O-O Be7 7.d4 cxd4 8.Qxd4 d6
9.Bg5 a6 10.Bxf6 Bxf6 11.Qf4 Be7 12.Rfd1 O-O 13.Ne4 Bxe4 14.Qxe4 Ra7 15.Nd4 Re8
16.a4 Rc7 17.b3 Rc5 18.Ra2 Bf8 19.Qb1 Qc8 20.e3 Nd7 21.Rc2 Rc7 22.Qa2 Nf6
23.Rdc1 a5 24.Rd1 Rc5 25.e4 Rd8 26.Rcd2 Rc7 27.Rd3 Rcd7 28.Qe2 Qc5 29.Bh3 Re8
30.Nb5 Qe5 31.Bg2 g5 32.Qe3 Rb8 33.h3 Ne8 34.Kh1 Bh6 35.h4 f6 36.Nd4 Rc8
37.Bh3 g4 38.Qxh6 gxh3 39.Qe3 Re7 40.Kh2 Kf7 41.Nb5 Rc6 42.Kxh3 f5 43.exf5 Qxe3
44.Rxe3 exf5 45.Red3 Rd7 46.Rd5 Kg6 47.Rxf5 Kxf5 48.Nd4+ Kf6 49.Nxc6 Nc7
50.g4 d5 51.g5+ Ke6 52.f4 Rd6 53.Nd4+ Kf7 54.Nf3 Rc6 55.cxd5 Rc3 56.Kg2 Rxb3
57.d6 Ne6 58.d7 Nd8 59.Re1  1-0

[Event "TCh-SCG Men"]
[Site "Budva SCG"]
[Date "2004.09.08"]
[Round "1"]
[White "Nikcevic,N"]
[Black "Perunovic,Mil"]
[Result "0-1"]
[WhiteElo "2454"]
[BlackElo "2555"]

1.c4 c5 2.Nf3 Nf6 3.Nc3 e6 4.g3 b6 5.Bg2 Bb7 6.O-O a6 7.Re1 Be7 8.e4 d6 9.d4 cxd4
10.Nxd4 Qc7 11.Be3 Nbd7 12.f4 O-O 13.Rc1 Rac8 14.f5 e5 15.Nd5 Qd8 16.Nb3 Nxd5
17.exd5 Bg5 18.Qd2 h6 19.Bxg5 Qxg5 20.Qb4 Qf6 21.Nd2 a5 22.Qa3 Nc5 23.Ne4 Nxe4
24.Bxe4 Ba6 25.Qd3 Rc5 26.a4 Rfc8 27.b3 b5 28.axb5 Bxb5 29.Ra1 Bd7 30.Ra3 Qd8
31.Rea1 Rb8 32.Qe3 Rb4 33.g4 a4 34.bxa4 Rcxc4 35.Bf3 Bxa4 36.h3 h5 37.g5 Rf4
38.h4 Rxh4  0-1

[Event "TCh-SCG Men"]
[Site "Budva SCG"]
[Date "2004.09.10"]
[Round "3"]
[White "Kurcubic,A"]
[Black "Markus,R"]
[Result "1/2-1/2"]
[WhiteElo "2342"]
[BlackElo "2550"]

1.Nf3 Nf6 2.c4 c5 3.Nc3 e6 4.d4 cxd4 5.Nxd4 a6 6.e4 Qc7 7.Bd3 Bb4 8.Qc2 b6
9.a3 Be7 10.Qe2 d6 11.f4 Bb7 12.O-O O-O 13.Be3 Re8 14.f5 Bd8 15.fxe6 fxe6
16.Nf3 Nbd7 17.Bf4 Qc5+ 18.Kh1 Bc7 19.b4 Qh5 20.Rae1 Qg4 21.Qd2 Rad8 22.Ng5 Qh5
23.Rf3 Ne5 24.Bxe5 dxe5 25.Nh3 Re7 26.Nf2 Red7 27.Qc2 Bc6 28.Ne2 Qe8 29.Ng3 Qe7
30.Qc3 Rd4 31.c5 bxc5 32.Bxa6 Nd7 33.Bd3 Qd6 34.b5 Bb7 35.Rc1 Nb6 36.Qxc5 Qxc5
37.Rxc5 Bd6 38.Rc3 Rc8 39.Rxc8+ Bxc8 40.Bc2 Bd7 41.Bb3 g6 42.h3 Kg7 43.a4 Nxa4
44.Bxa4 Rxa4 45.Rd3 Rd4 46.Rb3 Rb4 47.Rd3 Rd4  1/2-1/2

[Event "8th WUCC"]
[Site "Instanbul TUR"]
[Date "2004.09.10"]
[Round "8"]
[White "Kuemin,S"]
[Black "Soltanici,R"]
[Result "1/2-1/2"]
[WhiteElo "2392"]
[BlackElo "2363"]

1.Nf3 c5 2.c4 Nf6 3.Nc3 e6 4.g3 b6 5.Bg2 Bb7 6.O-O Be7 7.d4 cxd4 8.Qxd4 d6
9.Bg5 a6 10.Bxf6 Bxf6 11.Qd3 Ra7 12.Rad1 Be7 13.Nd4 Bxg2 14.Kxg2 Qc8 15.Ne4 O-O
16.Nf3 Rd8 17.Neg5 g6 18.Qd4 Nd7 19.Qf4 Nf6 20.Nd2 Qc5 21.Nde4 Qf5 22.Nxf6+ Bxf6
23.Ne4 Qxf4 24.gxf4 Be7 25.Rd4 Rc7 26.Rfd1 Rc6 27.b3 h6 28.Kf3 f5 29.Nd2 Kf7
30.a4 g5 31.fxg5 hxg5 32.e4 Bf6 33.Rd3 Be5 34.exf5 exf5 35.h3 Rh8 36.Kg2 Kf6
37.Nf3 Bf4 38.Rd4 Re8 39.h4 Re4 40.Nxg5 Rxd4 41.Rxd4 Bxg5 42.hxg5+ Kxg5 43.Rd5 Kf6
44.Kg3 Ke6 45.Kf4 Rc5 46.Kg5 Rc8 47.Rxf5 Rg8+ 48.Kf4 Rg1 49.Rf8 Rb1 50.Re8+ Kd7
51.Re3 Kc6 52.Kf5 d5 53.cxd5+ Kxd5 54.Rd3+ Kc5 55.f4 b5 56.axb5 axb5 57.Ke6 b4
58.f5 Re1+ 59.Kf7 Rc1 60.f6 Rc3 61.Rd1 Rxb3  1/2-1/2

[Event "FSGM September"]
[Site "Budapest HUN"]
[Date "2004.09.12"]
[Round "9"]
[White "Dearing,E"]
[Black "Berczes,D"]
[Result "1/2-1/2"]
[WhiteElo "2392"]
[BlackElo "2351"]

1.Nf3 Nf6 2.c4 e6 3.Nc3 c5 4.g3 b6 5.Bg2 Bb7 6.O-O Be7 7.d4 cxd4 8.Qxd4 d6
9.b3 Nbd7 10.Nb5 Nc5 11.Rd1 Nfe4 12.Qxg7 Bf6 13.Qh6 Bxa1 14.b4 a6 15.Bg5 f6
16.Qh5+  1/2-1/2

[Event "Open"]
[Site "Pune IND"]
[Date "2004.09.12"]
[Round "10"]
[White "Vakhidov,T"]
[Black "Venkatesh,M"]
[Result "1/2-1/2"]
[WhiteElo "2504"]
[BlackElo "2439"]

1.c4 c5 2.Nc3 Nf6 3.Nf3 e6 4.d4 cxd4 5.Nxd4 Qb6 6.Nc2 Nc6 7.e3 Be7 8.Be2 O-O
9.O-O Rd8 10.e4 d5 11.cxd5 exd5 12.exd5 Be6 13.Ne3 Nb4 14.Bc4 Qc5 15.Qb3 Nbxd5
16.Nexd5 Nxd5 17.Nxd5 Bxd5 18.Bxd5 Qxd5 19.Qxd5 Rxd5 20.Be3 Bf6 21.Rab1 a6
22.Rfd1 Rad8 23.Rxd5 Rxd5 24.b3 Kf8 25.Kf1 Ke7 26.Rc1 Kd7 27.Ke2 Be5 28.h3 f5
29.f3 g6 30.g4 Bd6 31.Rc4 b5 32.Rc2 Bb8  1/2-1/2

[Event "TCh-CRO"]
[Site "Rabac CRO"]
[Date "2004.09.12"]
[Round "8"]
[White "Horvath,Jo1"]
[Black "Sinanovic,M"]
[Result "1-0"]
[WhiteElo "2524"]
[BlackElo "2407"]

1.Nf3 c5 2.c4 Nf6 3.Nc3 d5 4.cxd5 Nxd5 5.d4 cxd4 6.Qxd4 Nxc3 7.Qxc3 Nc6 8.e4 Qa5
9.Qxa5 Nxa5 10.Ne5 Nc6 11.Bb5 a6 12.Bxc6+ bxc6 13.f3 c5 14.Be3 f6 15.Nc4 Be6
16.Nb6 Rb8 17.Bxc5 g6 18.Kf2 Bh6 19.b4 Bf4 20.a4 Kf7 21.a5 Bc7 22.Rhd1 Rb7
23.Rac1 h5 24.h4 Rhb8 25.Nd5 Bd8 26.Rd2 Bd7 27.Bb6 Bb5 28.Bxd8 Rxd8 29.Ke3 Rbd7
30.Rc7 e6 31.Rxd7+ Rxd7 32.Nc3 Rxd2 33.Kxd2 Bc6 34.Kd3 Ke7 35.Kc4 Kd6 36.b5 Bb7
37.b6 Ke5 38.g3 g5 39.Kc5 Ba8 40.f4+ gxf4 41.gxf4+ Kxf4 42.Kd6 f5 43.e5 Kg4
44.Kxe6 f4 45.Kf6 f3 46.Nd1  1-0

[Event "TCh-SCG Men"]
[Site "Budva SCG"]
[Date "2004.09.13"]
[Round "6"]
[White "Jakovljevic,Vlado"]
[Black "Vuckovic,Bo"]
[Result "1/2-1/2"]
[WhiteElo "2426"]
[BlackElo "2529"]

1.Nf3 Nf6 2.c4 c5 3.Nc3 e6 4.d4 cxd4 5.Nxd4 Nc6 6.a3 Bc5 7.Nb3 Be7 8.e4 O-O
9.Be2 b6 10.O-O Ba6 11.f4 d6 12.Be3 Rc8 13.Bd3 Re8 14.Rc1 Bf8 15.Bf2 Nd7
16.Be2 Bb7 17.Nd2 a6 18.Bd3 Ne7 19.Nf3 Ng6 20.Qd2 Qc7 21.Be3 Qb8 22.b4 Be7
23.g4 a5 24.Rb1 Qa8 25.g5 Bf8 26.h4 Ne7 27.Nd4 Nc6 28.Nxc6 Bxc6 29.h5 Rcd8
30.Kh2 g6 31.hxg6 hxg6 32.Kg3 axb4 33.axb4 d5 34.cxd5 exd5 35.e5 d4 36.Bxd4 Qa3
37.Qe3 Nc5 38.Bc2 Rxd4 39.Qxd4 Rd8 40.Qe3 Ne6 41.Nd5 Qxe3+ 42.Nxe3 Rd4 43.b5 Bb7
44.Ng4 Rc4 45.Nf6+ Kg7 46.Bd1 Rc3+ 47.Kh4 Bc5 48.Rb3 Rc1 49.Be2 Rc2 50.Bf3 Nd4
51.Bxb7 Nxb3 52.Kg4 Rh2 53.Ne4 Kf8 54.Bd5 Rg2+ 55.Kh3 Rb2 56.f5 Nd2 57.Nxd2 Rxd2
58.Bc6 Rf2  1/2-1/2

[Event "3rd Autumn"]
[Site "Alushta UKR"]
[Date "2004.09.14"]
[Round "7"]
[White "Pedersen,Ch"]
[Black "Khurtsidze,N"]
[Result "1/2-1/2"]
[WhiteElo "2357"]
[BlackElo "2391"]

1.Nf3 c5 2.c4 Nf6 3.Nc3 e6 4.g3 b6 5.Bg2 Bb7 6.O-O Be7 7.Re1 a6 8.e4 d6 9.d4 cxd4
10.Nxd4 Qc7 11.Be3 O-O 12.Rc1 Nbd7 13.f4 Rfd8 14.f5 Nf8 15.fxe6 fxe6 16.Bh3 Bc8
17.Qf3 Re8 18.Nce2 Qb7 19.e5 dxe5 20.Qxb7 Bxb7 21.Nxe6 Bc8 22.Ng5 Bxh3 23.Nxh3 Ng4
24.Bxb6 Rab8 25.c5 Nd7 26.Nf2 Nxf2 27.Kxf2 Nxb6 28.cxb6 Rxb6 29.b3 Bg5 30.Rc2 e4
31.Kg2 Rd6 32.Ng1 Bd8 33.Ree2 Bb6 34.Nh3 h6 35.Rc4 e3 36.Ng1 Rf8 37.Rf4 Rc8
38.Nf3 g5 39.Rg4 Rf8 40.Rb4 Ba7 41.Rb7 g4 42.Ng1 Bc5 43.b4 Bd4 44.Re7 Rdf6
45.Re4 Rf2+ 46.Kh1 Rxe2 47.Nxe2 Rf1+ 48.Kg2 Rf2+ 49.Kg1 Ba7 50.Re7 Rxe2 51.Rxa7 Rxa2
52.Kf1 h5 53.Re7 Rxh2 54.Rxe3 Rb2 55.Ra3 Rxb4 56.Rxa6 Kg7 57.Kf2 Rb2+  1/2-1/2